| 000 | 00607nam a2200181Ia 4500 | ||
|---|---|---|---|
| 003 | GCL | ||
| 008 | 140319s9999 xx 000 0 ara d | ||
| 040 |
_aGCL / _cGCL |
||
| 082 | 0 | 4 |
_a923.4 _bا ا |
| 100 | 1 | _aالقاضى اسماعيل بن على الاكوع | |
| 245 | 1 | 0 |
_aائمة العلم المجتهدون فى اليمن / _cالقاضى اسماعيل بن على الاكوع |
| 260 |
_aالاردن : _bدار البشير ، _c2002 |
||
| 300 |
_a279 ص ؛ _c24 سم |
||
| 650 | 0 | 4 | _aاليمن |
| 650 | 0 | 4 | _aالقانونييون - تراجم |
| 650 | 0 | 4 | _aالقضاه |
| 942 |
_2ddc _cBK |
||
| 999 |
_c5813 _d5813 |
||